000 00634nam a2200169 a 4500
008 120416s1978 ||||||||||||||||| || u
020 _a0419111301
050 _aTA 683.2 Mac
100 _aMacGinley, T. J. (Thomas Joseph)
245 1 0 _aReinforced concrete: design theory and examples
260 _aLondon:
_bE & F.N. Spon
_c1978
300 _axxii, 324p. : ill.
350 _a0.00
500 _aIncludes bibliographies and index.
650 _aREINFORCED CONCRETE CONTRUCTION
995 _D0.00
_FCBU-MAIN LIBRARY (Kitwe)
_H1
_I140.00
_ULOST
_ZMain Library Open Access Collection
999 _c55988
_d55988